| 000 | 01225cam a2200253 i 4500 | ||
|---|---|---|---|
| 999 |
_c57715 _d57715 |
||
| 001 | 18257593 | ||
| 005 | 20221107121639.0 | ||
| 008 | 140807s2014 ne a b 001 0 eng | ||
| 010 | _a 2014427175 | ||
| 020 | _a9780124157668 (hbk) X | ||
| 020 | _a0124157661 (hbk) X | ||
| 080 | _a314.4 T-91 | ||
| 100 | 1 |
_aTulchinsky, Theodore H., _eauthor. _99584 |
|
| 245 | 1 | 4 |
_aThe new public health / _cTheodore H. Tulchinsky, MD, MPH, Braun School of Public Health, Hebrew University-Hadassah, Ein Karem, Jerusalem, Israel and Elena A. Varavikova, MD, MPH, PhD, Research Institute for Public Health Organization and Information (CNIIOIZ), Moscow, Russian Federation with Joan D. Bickford, MSN, Former Chief Public Health Nurse, Province of Manitoba, Canada ; foreword by Jonathan Fielding, MD, MPH, University of Los Angeles (UCLA), California. |
| 250 | _aThird edition. | ||
| 264 | 4 |
_cAmsterdam : _aElsevier, _b2014. |
|
| 300 |
_a884 pages : _billustrations ; _c28 cm. |
||
| 650 | 0 |
_aMedical policy. _99586 |
|
| 653 | _aმედიცინა | ||
| 653 | _aჯანდაცვა | ||
| 700 | 1 |
_aVaravikova, Elena, _eავტორი _99587 |
|
| 700 | 1 |
_aBickford, Joan D., _eავტორი _99588 |
|
| 942 |
_2udc _cBK |
||